[Event "Sevastopol Waltz op"]
[Site "Sevastopol"]
[Date "2022.08.03"]
[Round "3"]
[White "Elnikova, Milena"]
[Black "Sergeev, Vitalij"]
[Result "1/2-1/2"]
[WhiteElo "1503"]
[BlackElo "2162"]
[PlyCount "132"]
[EventDate "2022.08.01"]
[EventType "swiss"]
[EventRounds "9"]
[EventCountry "UKR"]
[SourceTitle "EXT 2023"]
[Source "ChessBase"]
[SourceDate "2022.10.05"]
[SourceVersion "1"]
[SourceVersionDate "2022.10.05"]
[SourceQuality "1"]

1. d4 d6 2. c4 e5 3. dxe5 dxe5 4. Qxd8+ Kxd8 5. Nc3 Be6 6. b3 Nd7 7. Bb2 Ngf6 8. h3 c6 9. 0-0-0 Kc7 10. Nf3 h6 11. g3 Bc5 12. e3 Rhe8 13. Bg2 Bf5 14. g4 Bh7 15. Nd2 Bb4 16. Na4 Rad8 17. Bc3 Bxc3 18. Nxc3 Nc5 19. Bf1 a5 20. Be2 Bd3 21. Rhf1 e4 22. Bxd3 Rxd3 23. Kc2 Red8 24. Ne2 Na6 25. a3 a4 26. Nf4 axb3+ 27. Nxb3 Rxd1 28. Rxd1 Rxd1 29. Kxd1 Kd6 30. Kc2 Nc5 31. Nd4 g6 32. f3 Ke5 33. Kd2 Ne8 34. Nfe2 exf3 35. Nxf3+ Ke4 36. Nfd4 Nd6 37. Ng3+ Ke5 38. Nf3+ Ke6 39. Kc3 Nd7 40. Nd2 c5 41. Nde4 Nxe4+ 42. Nxe4 b6 43. a4 Ke5 44. Kd3 g5 45. Nd2 f5 46. Ke2 Ke6 47. gxf5+ Kxf5 48. Nb3 h5 49. a5 bxa5 50. Nxa5 g4 51. Kf2 Nf6 52. hxg4+ Kxg4 53. Nc6 Ne4+ 54. Kg2 h4 55. Ne5+ Kh5 56. Nd3 Kg5 57. Kh2 Kh5 58. Kg2 Kg6 59. Kh3 Kh5 60. Kg2 Kg4 61. Ne5+ Kf5 62. Nd3 Nd6 63. Nxc5 Kg4 64. Nd3 Nxc4 65. Nf2+ Kh5 66. e4 Ne5 1/2-1/2

[Event "Alushta Rapid op"]
[Site "Alushta"]
[Date "2022.07.04"]
[Round "5"]
[White "Kamenskaya, Marina"]
[Black "Sergeev, Vitalij"]
[Result "0-1"]
[WhiteElo "1492"]
[BlackElo "2162"]
[PlyCount "162"]
[EventDate "2022.07.03"]
[EventType "swiss (rapid)"]
[EventRounds "11"]
[EventCountry "UKR"]
[SourceTitle "CBM 209 Extra"]
[Source "ChessBase"]
[SourceDate "2022.09.30"]
[SourceVersion "1"]
[SourceVersionDate "2022.09.30"]
[SourceQuality "1"]

1. d4 d6 2. c4 e5 3. Nf3 e4 4. Ng5 f5 5. Nh3 Nf6 6. Nc3 Be7 7. e3 c6 8. Be2 Na6 9. a3 0-0 10. b4 d5 11. Bb2 Be6 12. Nf4 Bf7 13. h4 Nc7 14. c5 Ne6 15. Qb3 Nxf4 16. exf4 Ng4 17. Nd1 Bxh4 18. Qh3 Nxf2 19. Nxf2 Bxf2+ 20. Kxf2 h6 21. Ke3 Be6 22. Qh4 Qc7 23. Rh3 Rf6 24. Qf2 Raf8 25. Bc3 g5 26. g3 g4 27. Rh4 Kg7 28. Rah1 Rh8 29. Qh2 Bf7 30. Rb1 b5 31. Qg1 Ra8 32. Rh1 h5 33. Qd1 Rh6 34. Rh4 Rhh8 35. a4 a6 36. Ra1 Qb7 37. axb5 axb5 38. Ra5 Ra6 39. Rh1 Rha8 40. Qg1 Rxa5 41. bxa5 b4 42. Qb1 Rxa5 43. Qxb4 Qxb4 44. Bxb4 Ra2 45. Rb1 Kf6 46. Bc3 Ra3 47. Kd2 Be8 48. Ra1 Rxa1 49. Bxa1 Kg6 50. Bc3 h4 51. gxh4 Kh5 52. Ke3 Kxh4 53. Kf2 Kh3 54. Kg1 Kg3 55. Bd2 Bd7 56. Ba6 Kf3 57. Kf1 e3 58. Bc1 g3 59. Be2+ Kxf4 60. Kg2 Be8 61. Bd1 Ke4 62. Bb2 Kd3 63. Kxg3 Kd2 64. Bf3 Kc2 65. Ba3 Kc3 66. Kf4 Kxd4 67. Kxf5 Bd7+ 68. Kf4 Kd3 69. Bb4 d4 70. Ke5 Kc4 71. Ba3 d3 72. Bc1 d2 73. Bb2 Kd3 74. Kd6 e2 75. Kxd7 d1Q 76. Kxc6 Kc4 77. Bxe2+ Qxe2 78. Ba3 Qe6+ 79. Kc7 Kb5 80. Kd8 Kc6 81. Bb4 Qd7# 0-1

[Event "Alushta Rapid op"]
[Site "Alushta"]
[Date "2022.07.04"]
[Round "4"]
[White "Sergeev, Vitalij"]
[Black "Krepkiy, Igor"]
[Result "1-0"]
[WhiteElo "2162"]
[BlackElo "1547"]
[PlyCount "69"]
[EventDate "2022.07.03"]
[EventType "swiss (rapid)"]
[EventRounds "11"]
[EventCountry "UKR"]
[SourceTitle "CBM 209 Extra"]
[Source "ChessBase"]
[SourceDate "2022.09.30"]
[SourceVersion "1"]
[SourceVersionDate "2022.09.30"]
[SourceQuality "1"]

1. e4 d5 2. exd5 Nf6 3. d4 Nxd5 4. Nf3 g6 5. c4 Nb6 6. Nc3 Bg7 7. Be3 Nc6 8. d5 Ne5 9. Nxe5 Bxe5 10. Be2 0-0 11. 0-0 c6 12. dxc6 bxc6 13. Qb3 Qc7 14. f4 Bg7 15. c5 Nd5 16. Nxd5 cxd5 17. Qxd5 Be6 18. Qd2 Rfd8 19. Qc2 Bf5 20. Qa4 Bxb2 21. Rad1 Rxd1 22. Rxd1 Rd8 23. Rxd8+ Qxd8 24. Qxa7 Bd4 25. Qa3 Qd5 26. Kf2 Qe4 27. g3 Bh3 28. Bxd4 Qxd4+ 29. Qe3 Qd5 30. Qxe7 Be6 31. Qd6 Qxa2 32. Qd8+ Kg7 33. Qd4+ Kf8 34. c6 Qa8 35. Qd1 1-0

[Event "Titled Tuesday intern op 25th Aug"]
[Site "Chess.com INT"]
[Date "2020.08.25"]
[Round "4"]
[White "Davtyan, Artur"]
[Black "Sergeev, Vitalij"]
[Result "0-1"]
[WhiteElo "2466"]
[BlackElo "2162"]
[PlyCount "104"]
[EventDate "2020.08.25"]
[EventType "swiss (blitz)"]
[EventRounds "10"]
[EventCountry "USA"]
[SourceTitle "CBM 198 Extra"]
[Source "ChessBase"]
[SourceDate "2020.11.30"]
[SourceVersion "1"]
[SourceVersionDate "2020.11.30"]
[SourceQuality "1"]

1. d4 Nf6 2. c4 g6 3. Nc3 Bg7 4. e4 d6 5. Be2 0-0 6. Be3 Nc6 7. Nf3 Bg4 8. d5 Bxf3 9. Bxf3 Ne5 10. Be2 c6 11. 0-0 e6 12. dxe6 fxe6 13. f4 Nf7 14. Qd2 Qe7 15. Bf3 e5 16. f5 gxf5 17. exf5 e4 18. Be2 Rad8 19. Rad1 d5 20. cxd5 Nxd5 21. Nxd5 cxd5 22. Bd4 Bxd4+ 23. Qxd4 Ne5 24. Qxa7 Nc6 25. Qe3 Qf6 26. Rd2 Qe5 27. Qg3+ Qxg3 28. hxg3 Kg7 29. g4 d4 30. Bb5 Kf6 31. Re1 Rfe8 32. Kh2 e3 33. Rdd1 Re4 34. Kg3 Ne5 35. Be2 Rg8 36. Bf3 Rexg4+ 37. Bxg4 Rxg4+ 38. Kh3 Kxf5 39. Rc1 Kf4 40. Rf1+ Ke4 41. Rc5 Rg7 42. Rf8 e2 43. Re8 Rg5 44. Rc1 d3 45. Rd8 h5 46. g3 Rf5 47. Kg2 Ke3 48. b4 Rf2+ 49. Kh3 d2 50. Rc3+ Ke4 51. Rxd2 e1Q 52. Rxf2 Qxf2 0-1

[Event "Titled Tuesday intern op 25th Aug"]
[Site "Chess.com INT"]
[Date "2020.08.25"]
[Round "6"]
[White "Sergeev, Vitalij"]
[Black "Lobanov, Sergei"]
[Result "1/2-1/2"]
[WhiteElo "2162"]
[BlackElo "2516"]
[PlyCount "131"]
[EventDate "2020.08.25"]
[EventType "swiss (blitz)"]
[EventRounds "10"]
[EventCountry "USA"]
[SourceTitle "CBM 198 Extra"]
[Source "ChessBase"]
[SourceDate "2020.11.30"]
[SourceVersion "1"]
[SourceVersionDate "2020.11.30"]
[SourceQuality "1"]

1. e4 e5 2. Nf3 Nc6 3. d4 exd4 4. Bc4 Nf6 5. 0-0 Be7 6. Nxd4 Nxe4 7. Re1 d5 8. Bb5 Bd7 9. c4 0-0 10. cxd5 Nxd4 11. Bxd7 Qxd7 12. Rxe4 Nf5 13. Nc3 Bf6 14. Qb3 Rae8 15. Bf4 Bxc3 16. Rxe8 Rxe8 17. bxc3 c6 18. d6 Nxd6 19. Bxd6 Qxd6 20. Qxb7 Qc5 21. Qb4 Qf5 22. h3 h5 23. Rd1 Re2 24. Qb8+ Kh7 25. Qxa7 c5 26. Rf1 Rc2 27. a4 Rxc3 28. a5 Ra3 29. Rc1 c4 30. a6 c3 31. Qd4 c2 32. Qb2 Rxa6 33. Qxc2 Qxc2 34. Rxc2 Kg6 35. g3 h4 36. Kg2 Ra4 37. Rd2 hxg3 38. fxg3 Ra3 39. Rc2 f6 40. Rd2 Kg5 41. Rd5+ f5 42. g4 Ra2+ 43. Kg3 Ra3+ 44. Kg2 g6 45. gxf5 gxf5 46. Rb5 Rd3 47. Ra5 Kf4 48. Ra4+ Ke3 49. Kg3 Rd1 50. Ra3+ Ke4 51. Ra4+ Ke5 52. Ra5+ Kf6 53. h4 Rd3+ 54. Kf4 Rd4+ 55. Kg3 Rg4+ 56. Kh3 Rg1 57. Ra6+ Kg7 58. h5 Rh1+ 59. Kg3 Rxh5 60. Kf4 Kf7 61. Rb6 Kg7 62. Ra6 Kh7 63. Rb6 Kg7 64. Rc6 Rh6 65. Rxh6 Kxh6 66. Kxf5 1/2-1/2

[Event "Titled Tuesday intern op 25th Aug"]
[Site "Chess.com INT"]
[Date "2020.08.25"]
[Round "5"]
[White "Sergeev, Vitalij"]
[Black "Mekhitarian, Krikor Sevag"]
[Result "1-0"]
[WhiteElo "2162"]
[BlackElo "2554"]
[PlyCount "87"]
[EventDate "2020.08.25"]
[EventType "swiss (blitz)"]
[EventRounds "10"]
[EventCountry "USA"]
[SourceTitle "CBM 198 Extra"]
[Source "ChessBase"]
[SourceDate "2020.11.30"]
[SourceVersion "1"]
[SourceVersionDate "2020.11.30"]
[SourceQuality "1"]

1. e4 g6 2. d4 Bg7 3. c4 d6 4. Nc3 Nc6 5. Be3 e5 6. d5 Nd4 7. Nge2 c5 8. dxc6 Nxc6 9. Nb5 Bf8 10. Nec3 a6 11. Na3 Nf6 12. f3 Be6 13. Be2 Rc8 14. Qd2 Be7 15. Nc2 0-0 16. Nd5 Bxd5 17. cxd5 Nb8 18. 0-0 Nfd7 19. g4 f5 20. gxf5 gxf5 21. exf5 Nf6 22. Kh1 Kh8 23. Na3 b5 24. Rg1 Nbd7 25. Nc2 Rg8 26. Nb4 Nb8 27. Rxg8+ Qxg8 28. Rg1 Qf7 29. a3 Bd8 30. Rc1 Qb7 31. Bg5 Be7 32. b3 Rc7 33. Kg2 Qc8 34. Rxc7 Qxc7 35. h4 Qc5 36. Bd3 a5 37. Nc6 Nxc6 38. dxc6 Qxc6 39. Bxf6+ Bxf6 40. Qh6 Bg7 41. Qe6 b4 42. f6 Bf8 43. Qf7 Qc8 44. Qxh7# 1-0

[Event "Titled Tuesday intern op 25th Aug"]
[Site "Chess.com INT"]
[Date "2020.08.25"]
[Round "8"]
[White "Sergeev, Vitalij"]
[Black "Panarin, Mikhail"]
[Result "0-1"]
[WhiteElo "2162"]
[BlackElo "2562"]
[PlyCount "46"]
[EventDate "2020.08.25"]
[EventType "swiss (blitz)"]
[EventRounds "10"]
[EventCountry "USA"]
[SourceTitle "CBM 198 Extra"]
[Source "ChessBase"]
[SourceDate "2020.11.30"]
[SourceVersion "1"]
[SourceVersionDate "2020.11.30"]
[SourceQuality "1"]

1. e4 c6 2. Nc3 d5 3. Nf3 Nf6 4. d3 Bg4 5. h3 Bxf3 6. Qxf3 e6 7. g4 Bb4 8. Bd2 d4 9. Nb1 Qb6 10. g5 Nfd7 11. a3 Bxd2+ 12. Nxd2 Qxb2 13. Rb1 Qxc2 14. Rxb7 0-0 15. Be2 Nc5 16. Rb1 Nbd7 17. Qg3 Rab8 18. Rb4 Qc3 19. Rc4 Qa5 20. Qd6 Rb2 21. Rb4 Qxa3 22. Rxb2 Nxd3+ 23. Bxd3 Qxd6 0-1

[Event "Titled Tuesday intern op 11th Aug"]
[Site "Chess.com INT"]
[Date "2020.08.11"]
[Round "3"]
[White "Fakhrutdinov, Timur"]
[Black "Sergeev, Vitalij"]
[Result "0-1"]
[WhiteElo "2501"]
[BlackElo "2162"]
[PlyCount "64"]
[EventDate "2020.08.11"]
[EventType "swiss (blitz)"]
[EventRounds "10"]
[EventCountry "USA"]
[SourceTitle "CBM 197 Extra"]
[Source "ChessBase"]
[SourceDate "2020.09.30"]
[SourceVersion "1"]
[SourceVersionDate "2020.09.30"]
[SourceQuality "1"]

1. Nf3 d5 2. d4 Nf6 3. Bf4 g6 4. h3 Bg7 5. e3 0-0 6. Be2 b6 7. 0-0 Bb7 8. Nbd2 Nbd7 9. Ne5 c5 10. Bf3 Rc8 11. c3 e6 12. Qa4 Nxe5 13. Bxe5 a5 14. Rfd1 Nd7 15. Bxg7 Kxg7 16. c4 Bc6 17. Qa3 cxd4 18. cxd5 Bxd5 19. Bxd5 exd5 20. exd4 Re8 21. Qb3 Nf8 22. Nf1 Ne6 23. Ne3 Nf4 24. Kh2 Rc6 25. Rac1 Rxc1 26. Rxc1 Qf6 27. Qb5 Re4 28. Rc6 Ne6 29. Qxb6 Qf4+ 30. Kg1 Nxd4 31. Rc7 Re6 32. Qb7 Rf6 0-1

[Event "Titled Tuesday intern op 11th Aug"]
[Site "Chess.com INT"]
[Date "2020.08.11"]
[Round "4"]
[White "Sergeev, Vitalij"]
[Black "Deepan Chakkravarthy, J."]
[Result "0-1"]
[WhiteElo "2162"]
[BlackElo "2535"]
[PlyCount "48"]
[EventDate "2020.08.11"]
[EventType "swiss (blitz)"]
[EventRounds "10"]
[EventCountry "USA"]
[SourceTitle "CBM 197 Extra"]
[Source "ChessBase"]
[SourceDate "2020.09.30"]
[SourceVersion "1"]
[SourceVersionDate "2020.09.30"]
[SourceQuality "1"]

1. e4 c5 2. Nf3 d6 3. d4 cxd4 4. Nxd4 Nf6 5. f3 e5 6. Bb5+ Nbd7 7. Nf5 a6 8. Bxd7+ Qxd7 9. Nc3 Qc6 10. Bg5 Bxf5 11. exf5 Nd7 12. 0-0 Nb6 13. Kh1 d5 14. a4 f6 15. a5 Nc4 16. Bc1 Rd8 17. b3 Bb4 18. Ra4 Bxc3 19. bxc4 Qxa4 20. cxd5 0-0 21. Be3 Qc4 22. Qb1 Qxd5 23. Bb6 Rd7 24. h4 Rc8 0-1

[Event "Titled Tuesday intern op 11th Aug"]
[Site "Chess.com INT"]
[Date "2020.08.11"]
[Round "5"]
[White "Sergeev, Vitalij"]
[Black "Sammed Jaykumar, Shete"]
[Result "0-1"]
[WhiteElo "2162"]
[BlackElo "2412"]
[PlyCount "176"]
[EventDate "2020.08.11"]
[EventType "swiss (blitz)"]
[EventRounds "10"]
[EventCountry "USA"]
[SourceTitle "CBM 197 Extra"]
[Source "ChessBase"]
[SourceDate "2020.09.30"]
[SourceVersion "1"]
[SourceVersionDate "2020.09.30"]
[SourceQuality "1"]

1. e4 c5 2. Nf3 d6 3. d4 cxd4 4. Nxd4 Nf6 5. f3 e5 6. Bb5+ Nbd7 7. Nf5 Qb6 8. a4 g6 9. Be3 Qc7 10. Nh6 Bg7 11. 0-0 a6 12. Be2 Nh5 13. Nc3 Nf4 14. Nd5 Nxd5 15. exd5 Nf6 16. Ra3 Bd7 17. a5 Qd8 18. Qd2 Rc8 19. c4 Qe7 20. Rb3 Rc7 21. Bb6 Rc8 22. Be3 Bxh6 23. Bxh6 Rc7 24. Rc1 Bc8 25. Rbc3 Nd7 26. b4 f6 27. c5 Qf7 28. Be3 0-0 29. c6 Nb8 30. Bb6 Re7 31. Bc4 f5 32. f4 exf4 33. Qxf4 Re5 34. Ba7 Nd7 35. cxd7 Bxd7 36. Bd3 Rfe8 37. Rc7 Re1+ 38. Rxe1 Rxe1+ 39. Bf1 Re5 40. Bd4 Re7 41. Qxd6 f4 42. Rxb7 f3 43. gxf3 Qxf3 44. Qxe7 Qg4+ 45. Bg2 Qxd4+ 46. Kf1 Bb5+ 47. Qe2 Qf4+ 48. Ke1 Bxe2 49. Kxe2 Qe5+ 50. Kf2 Qd4+ 51. Kf1 Qf4+ 52. Ke2 Qxh2 53. Kf2 Qf4+ 54. Kg1 Qd4+ 55. Kh1 h5 56. Rb6 Kg7 57. b5 axb5 58. d6 h4 59. d7 Kh6 60. Re6 Qxd7 61. Rb6 Qd1+ 62. Kh2 Qd3 63. a6 Qg3+ 64. Kh1 Qe1+ 65. Kh2 Qe5+ 66. Kh1 Qa1+ 67. Kh2 b4 68. Kh3 b3 69. Kh2 b2 70. a7 Qxa7 71. Rxb2 Qc7+ 72. Kh1 Qe5 73. Rf2 Qe1+ 74. Rf1 Qg3 75. Kg1 h3 76. Rf2 hxg2 77. Rxg2 Qe1+ 78. Kh2 Kh5 79. Rg3 Qxg3+ 80. Kxg3 Kg5 81. Kf3 Kh4 82. Kf4 g5+ 83. Kf3 Kh3 84. Kf2 g4 85. Kg1 Kg3 86. Kh1 Kf2 87. Kh2 g3+ 88. Kh3 g2 0-1

[Event "Titled Tuesday intern op 11th Aug"]
[Site "Chess.com INT"]
[Date "2020.08.11"]
[Round "2"]
[White "Sergeev, Vitalij"]
[Black "Skuhala, Barbara"]
[Result "1-0"]
[WhiteElo "2162"]
[BlackElo "2089"]
[PlyCount "79"]
[EventDate "2020.08.11"]
[EventType "swiss (blitz)"]
[EventRounds "10"]
[EventCountry "USA"]
[SourceTitle "CBM 197 Extra"]
[Source "ChessBase"]
[SourceDate "2020.09.30"]
[SourceVersion "1"]
[SourceVersionDate "2020.09.30"]
[SourceQuality "1"]

1. e4 c5 2. Nf3 d6 3. d4 cxd4 4. Nxd4 Nf6 5. f3 a6 6. c4 e5 7. Nc2 Be7 8. Nc3 Be6 9. Ne3 0-0 10. Be2 Nbd7 11. Ned5 Bxd5 12. cxd5 Rc8 13. 0-0 b5 14. Be3 Nh5 15. g3 g6 16. Bh6 Ng7 17. Kg2 f5 18. Qd2 Nf6 19. exf5 gxf5 20. Bd3 Nd7 21. Kh1 Qe8 22. Rae1 Qg6 23. g4 b4 24. Nd1 e4 25. Bxa6 Rce8 26. Bb5 Rd8 27. Bxg7 Qxg7 28. gxf5 Rxf5 29. Rg1 Bg5 30. Ne3 Rxf3 31. Rxg5 Qxg5 32. Rg1 Qxg1+ 33. Kxg1 Ne5 34. Be2 Rf7 35. Kh1 Kh8 36. Qxb4 Rg8 37. Qxd6 Nf3 38. Bxf3 exf3 39. Qe5+ Rgg7 40. Qe8+ 1-0

[Event "Titled Tuesday intern op 4th Aug 10am"]
[Site "Chess.com INT"]
[Date "2020.08.04"]
[Round "7"]
[White "Dimakiling, Oliver"]
[Black "Sergeev, Vitalij"]
[Result "0-1"]
[WhiteElo "2409"]
[BlackElo "2162"]
[PlyCount "82"]
[EventDate "2020.08.04"]
[EventType "swiss (blitz)"]
[EventRounds "10"]
[EventCountry "USA"]
[SourceTitle "CBM 197 Extra"]
[Source "ChessBase"]
[SourceDate "2020.09.30"]
[SourceVersion "1"]
[SourceVersionDate "2020.09.30"]
[SourceQuality "1"]

1. c4 Nf6 2. Nc3 g6 3. g3 Bg7 4. Bg2 0-0 5. Nf3 d6 6. 0-0 c6 7. h3 e5 8. e4 Be6 9. d3 Na6 10. Be3 Nc7 11. Re1 Re8 12. Rc1 a5 13. b3 c5 14. Qd2 Qc8 15. Kh2 Bd7 16. a4 Ne6 17. Bh6 Qd8 18. Ne2 Nd4 19. Nexd4 cxd4 20. c5 Be6 21. Bxg7 Kxg7 22. Qb2 Rc8 23. b4 dxc5 24. bxc5 Nd7 25. Qb5 Qc7 26. Ng5 Nxc5 27. Nxe6+ Rxe6 28. Rc4 Qb6 29. Qxb6 Rxb6 30. Rec1 Rbc6 31. Bf1 Nxa4 32. Rxc6 Rxc6 33. Ra1 b5 34. f4 exf4 35. gxf4 Nc3 36. Rxa5 b4 37. Ra7 Rb6 38. e5 b3 39. e6 b2 40. e7 Re6 41. f5 gxf5 0-1

[Event "Titled Tuesday intern op 4th Aug 10am"]
[Site "Chess.com INT"]
[Date "2020.08.04"]
[Round "9"]
[White "Sergeev, Vitalij"]
[Black "Postny, Evgeny"]
[Result "1/2-1/2"]
[WhiteElo "2162"]
[BlackElo "2600"]
[PlyCount "73"]
[EventDate "2020.08.04"]
[EventType "swiss (blitz)"]
[EventRounds "10"]
[EventCountry "USA"]
[SourceTitle "CBM 197 Extra"]
[Source "ChessBase"]
[SourceDate "2020.09.30"]
[SourceVersion "1"]
[SourceVersionDate "2020.09.30"]
[SourceQuality "1"]

1. e4 c6 2. d4 d5 3. Nd2 dxe4 4. Nxe4 Bf5 5. Ng3 Bg6 6. Bc4 e6 7. N1e2 Bd6 8. Nf4 Qh4 9. Ngh5 Bxh5 10. Qxh5 Qxh5 11. Nxh5 g6 12. Ng3 Nf6 13. f3 Nbd7 14. Ne4 Bc7 15. Bg5 Nd5 16. Bb3 h6 17. Bd2 0-0-0 18. c4 Ne7 19. Bc3 Rhe8 20. 0-0-0 Nf5 21. g3 Nb6 22. Nf6 Rf8 23. Rhe1 Nd7 24. Nxd7 Rxd7 25. d5 exd5 26. cxd5 c5 27. Bc2 Nd6 28. Bd3 a6 29. Kc2 Re8 30. Rxe8+ Nxe8 31. Re1 Kd8 32. a4 Re7 33. b4 Rxe1 34. Bxe1 cxb4 35. Bxb4 Bd6 36. Bd2 Ke7 37. Bxh6 1/2-1/2

[Event "Titled Tuesday intern op 6th June"]
[Site "Chess.com INT"]
[Date "2020.06.02"]
[Round "2"]
[White "Marin Ramirez, Gerardo"]
[Black "Sergeev, Vitalij"]
[Result "1-0"]
[WhiteElo "2232"]
[BlackElo "2162"]
[PlyCount "63"]
[EventDate "2020.06.02"]
[EventType "swiss (blitz)"]
[EventRounds "10"]
[EventCountry "USA"]
[SourceTitle "CBM 196 Extra"]
[Source "ChessBase"]
[SourceDate "2020.07.31"]
[SourceVersion "1"]
[SourceVersionDate "2020.07.31"]
[SourceQuality "1"]

1. d4 Nf6 2. c4 g6 3. Nc3 Bg7 4. Nf3 d6 5. e4 0-0 6. Be2 e5 7. d5 a5 8. Bg5 Na6 9. Nd2 h6 10. Bh4 Nc5 11. Rb1 Bd7 12. 0-0 Qe8 13. f3 Nh7 14. b3 f5 15. a3 Bf6 16. Bf2 fxe4 17. Ndxe4 Nxe4 18. Nxe4 Bh4 19. Bxh4 g5 20. Bf2 Bf5 21. Bd3 Kh8 22. c5 Qe7 23. Rc1 Rg8 24. h3 h5 25. Ng3 Bxd3 26. Qxd3 g4 27. hxg4 hxg4 28. f4 exf4 29. Bd4+ Nf6 30. Rxf4 Rg6 31. Rcf1 Rf8 32. Qxg6 1-0

[Event "Titled Tuesday intern op 19th May"]
[Site "Chess.com INT"]
[Date "2020.05.19"]
[Round "2"]
[White "Ghimpu, Samuel Timotei"]
[Black "Sergeev, Vitalij"]
[Result "1-0"]
[WhiteElo "2302"]
[BlackElo "2162"]
[PlyCount "57"]
[EventDate "2020.05.19"]
[EventType "swiss (blitz)"]
[EventRounds "10"]
[EventCountry "USA"]
[SourceTitle "EXT 2021"]
[Source "ChessBase"]
[SourceDate "2020.10.23"]
[SourceVersion "1"]
[SourceVersionDate "2020.10.23"]
[SourceQuality "1"]

1. e4 c5 2. Nf3 Nc6 3. d4 cxd4 4. Nxd4 g6 5. Nc3 Bg7 6. Be3 Nf6 7. Bc4 0-0 8. Bb3 a5 9. 0-0 a4 10. Nxa4 Nxe4 11. Nb5 d6 12. f3 Nf6 13. Nb6 Ra6 14. Nxc8 Qxc8 15. c3 Na5 16. Re1 Nxb3 17. Qxb3 Nd7 18. a4 Nc5 19. Qc4 Qc6 20. Bxc5 dxc5 21. Rxe7 Raa8 22. Rd1 Bf6 23. Rc7 Qa6 24. b3 b6 25. Rdd7 Rac8 26. Rxf7 Rxc7 27. Rxc7+ Kh8 28. Qd5 Qa5 29. Qd7 1-0

[Event "Titled Tuesday intern op 19th May"]
[Site "Chess.com INT"]
[Date "2020.05.19"]
[Round "10"]
[White "Tomb, Maroun"]
[Black "Sergeev, Vitalij"]
[Result "1-0"]
[WhiteElo "2084"]
[BlackElo "2162"]
[PlyCount "99"]
[EventDate "2020.05.19"]
[EventType "swiss (blitz)"]
[EventRounds "10"]
[EventCountry "USA"]
[SourceTitle "EXT 2021"]
[Source "ChessBase"]
[SourceDate "2020.10.23"]
[SourceVersion "1"]
[SourceVersionDate "2020.10.23"]
[SourceQuality "1"]

1. e4 c5 2. Ne2 Nc6 3. Nbc3 g6 4. d4 cxd4 5. Nxd4 Bg7 6. Nde2 Nf6 7. g3 0-0 8. Bg2 d6 9. 0-0 Bd7 10. h3 a6 11. a4 Rc8 12. Nd5 Nxd5 13. exd5 Ne5 14. Ra2 Qa5 15. Bd2 Qb6 16. b3 Rc7 17. c4 Be8 18. Be3 Qa5 19. Bd2 Qb6 20. a5 Qa7 21. Be3 Qb8 22. Bb6 Rc8 23. Kh2 Nd7 24. Be3 Nc5 25. b4 Nd7 26. Qb3 Ne5 27. Rc1 Qc7 28. Rac2 Nd7 29. f4 b6 30. axb6 Nxb6 31. Bxb6 Qxb6 32. Qa3 Bd7 33. c5 Qb5 34. c6 Bf5 35. Ra2 e6 36. Qxa6 Qxb4 37. g4 exd5 38. gxf5 gxf5 39. Bxd5 Rfe8 40. Qc4 Qb6 41. Rg1 Kh8 42. Bxf7 Re4 43. Qd3 Qxc6 44. Bd5 Rxe2+ 45. Rxe2 Qc5 46. Rxg7 Kxg7 47. Qg3+ Kh8 48. Rg2 Qa7 49. Qg8+ Rxg8 50. Rxg8# 1-0

[Event "Titled Tuesday intern op 12th May"]
[Site "Chess.com INT"]
[Date "2020.05.12"]
[Round "5"]
[White "Belenkaya, Dina"]
[Black "Sergeev, Vitalij"]
[Result "1-0"]
[WhiteElo "2297"]
[BlackElo "2162"]
[PlyCount "115"]
[EventDate "2020.05.12"]
[EventType "swiss (blitz)"]
[EventRounds "10"]
[EventCountry "USA"]
[SourceTitle "EXT 2021"]
[Source "ChessBase"]
[SourceDate "2020.10.23"]
[SourceVersion "1"]
[SourceVersionDate "2020.10.23"]
[SourceQuality "1"]

1. e4 c5 2. Nc3 Nc6 3. g3 g6 4. Bg2 Bg7 5. Nge2 e6 6. d3 Nge7 7. 0-0 0-0 8. Be3 b6 9. Qc1 Bb7 10. Bh6 d5 11. Qf4 Nd4 12. Rac1 e5 13. Qh4 Nxe2+ 14. Nxe2 dxe4 15. dxe4 Nc6 16. Bg5 f6 17. Be3 Nd4 18. Nc3 f5 19. Bg5 Bf6 20. Bxf6 Qxf6 21. Qxf6 Rxf6 22. f4 exf4 23. e5 Rf7 24. gxf4 Rd8 25. Rcd1 Bxg2 26. Kxg2 Rfd7 27. Rf2 Kf7 28. Rfd2 Ke6 29. Rf2 b5 30. a3 a5 31. Rd3 c4 32. Rh3 b4 33. Na4 Rc7 34. Rd2 h5 35. c3 bxc3 36. bxc3 Nc6 37. Rxd8 Nxd8 38. Rg3 Kf7 39. Kf2 Ne6 40. Ke3 Rd7 41. Nb2 Rc7 42. Rg1 h4 43. Rd1 g5 44. fxg5 f4+ 45. Ke4 Nxg5+ 46. Kxf4 Ne6+ 47. Ke4 Rb7 48. Nxc4 Rc7 49. Nd6+ Kg6 50. c4 a4 51. Rg1+ Kh5 52. Kf5 Ng7+ 53. Kf6 Kh6 54. Rg6+ Kh7 55. Rg4 Nh5+ 56. Ke6 Ng7+ 57. Kd5 Ra7 58. Rxh4+ 1-0

[Event "Titled Tuesday intern op 12th May"]
[Site "Chess.com INT"]
[Date "2020.05.12"]
[Round "9"]
[White "Kavyev, Ruslan"]
[Black "Sergeev, Vitalij"]
[Result "1-0"]
[WhiteElo "2327"]
[BlackElo "2162"]
[PlyCount "81"]
[EventDate "2020.05.12"]
[EventType "swiss (blitz)"]
[EventRounds "10"]
[EventCountry "USA"]
[SourceTitle "EXT 2021"]
[Source "ChessBase"]
[SourceDate "2020.10.23"]
[SourceVersion "1"]
[SourceVersionDate "2020.10.23"]
[SourceQuality "1"]

1. d4 Nf6 2. c4 g6 3. Nc3 Bg7 4. e4 d6 5. Be2 0-0 6. Be3 e5 7. d5 a5 8. g4 Na6 9. h4 Nc5 10. f3 h5 11. g5 Ne8 12. Qd2 a4 13. Nh3 Bd7 14. Nf2 c6 15. dxc6 bxc6 16. Bxc5 dxc5 17. 0-0-0 Ra7 18. Nd3 Qe7 19. Qe3 Ra5 20. Kb1 Nc7 21. Bf1 Rb8 22. Bh3 Bxh3 23. Rxh3 Ne6 24. Rh2 Nd4 25. Ka1 Ra7 26. a3 Nb3+ 27. Ka2 Bf8 28. Nc1 Nd4 29. Rhd2 Qc7 30. Nd3 Bd6 31. Ne2 Rab7 32. f4 exf4 33. Nexf4 Qa5 34. e5 Be7 35. e6 Qb6 36. exf7+ Kh7 37. Qe4 Qb3+ 38. Kb1 Nf5 39. Nxg6 Kxg6 40. Ne5+ Kg7 41. Qxf5 1-0